[Event "DVM U14 2022"]
[Site "Kelheim GER"]
[Date "2022.12.30"]
[Round "7"]
[White "Ensslen, Jakob"]
[Black "Selter, Julian André"]
[Result "0-1"]
[Termination "normal"]
[Board "9.3"]
[WhiteElo "1345"]
[BlackElo "1614"]
[WhiteClock "00:07:59"]
[BlackClock "00:41:29"]
[WhiteTeam "Karlsruher SF 1853"]
[BlackTeam "Schachvereinigung 1920 Plettenberg e. V."]
[PlyCount "66"]
[WhiteFideId "34640258"]
[BlackFideId "34608168"]
[EventCountry "GER"]
[EventRounds "7"]
[EventType "team-swiss"]
[EventDate "2022.12.26"]

1. e4 {[%clk 01:30:57]} {[%emt 00:00:03]} c5 {[%clk 01:30:55]} {[%emt
00:00:04]} 2. Nf3 {[%clk 01:31:19]} {[%emt 00:00:08]} Nc6 {[%clk 01:31:22]}
{[%emt 00:00:04]} 3. d4 {[%clk 01:31:42]} {[%emt 00:00:06]} cxd4 {[%clk
01:31:49]} {[%emt 00:00:03]} 4. Nxd4 {[%clk 01:32:03]} {[%emt 00:00:10]} g6
{[%clk 01:32:14]} {[%emt 00:00:05]} 5. Nc3 {[%clk 01:32:02]} {[%emt 00:00:30]}
Bg7 {[%clk 01:29:36]} {[%emt 00:03:09]} 6. Be3 {[%clk 01:32:12]} {[%emt
00:00:20]} Nf6 {[%clk 01:29:57]} {[%emt 00:00:09]} 7. Nxc6 {[%clk 01:31:51]}
{[%emt 00:00:50]} bxc6 {[%clk 01:30:11]} {[%emt 00:00:17]} 8. e5 {[%clk
01:31:44]} {[%emt 00:00:36]} Ng8 {[%clk 01:29:51]} {[%emt 00:00:51]} 9. Bd4
{[%clk 01:31:47]} {[%emt 00:00:27]} f6 {[%clk 01:27:50]} {[%emt 00:02:30]} 10.
Qe2 {[%clk 01:25:38]} {[%emt 00:06:39]} Qc7 {[%clk 01:21:26]} {[%emt 00:06:55]}
11. exf6 {[%clk 01:23:28]} {[%emt 00:02:43]} Nxf6 {[%clk 01:15:02]} {[%emt
00:06:51]} 12. O-O-O {[%clk 01:22:19]} {[%emt 00:01:39]} d6 {[%clk 01:09:47]}
{[%emt 00:05:44]} 13. Re1 {[%clk 01:15:02]} {[%emt 00:07:48]} e6 {[%clk
01:07:49]} {[%emt 00:02:27]} 14. h4 {[%clk 01:04:53]} {[%emt 00:10:39]} O-O
{[%clk 01:07:22]} {[%emt 00:00:57]} 15. g4 {[%clk 01:01:56]} {[%emt 00:03:28]}
e5 {[%clk 01:07:06]} {[%emt 00:00:46]} 16. Be3 {[%clk 00:51:49]} {[%emt
00:10:36]} Bxg4 {[%clk 01:05:44]} {[%emt 00:01:52]} 17. Qc4 {[%clk 00:48:56]}
{[%emt 00:03:23]} Kh8 {[%clk 01:00:29]} {[%emt 00:05:46]} 18. Nd5 {[%clk
00:41:57]} {[%emt 00:07:29]} Nxd5 {[%clk 00:59:38]} {[%emt 00:01:20]} 19. Qxg4
{[%clk 00:41:57]} {[%emt 00:00:29]} Nxe3 {[%clk 00:59:32]} {[%emt 00:00:37]}
20. fxe3 {[%clk 00:38:43]} {[%emt 00:03:44]} Qf7 {[%clk 00:48:10]} {[%emt
00:12:23]} 21. b3 {[%clk 00:34:03]} {[%emt 00:05:40]} e4 {[%clk 00:43:00]}
{[%emt 00:05:39]} 22. Qxe4 {[%clk 00:29:02]} {[%emt 00:05:32]} Qf6 {[%clk
00:43:13]} {[%emt 00:00:16]} 23. Qd3 {[%clk 00:17:18]} {[%emt 00:12:13]} Qb2
{[%clk 00:39:36]} {[%emt 00:04:08]} 24. Kd2 {[%clk 00:15:42]} {[%emt 00:02:06]}
Rf5 {[%clk 00:39:48]} {[%emt 00:00:18]} 25. Qc4 {[%clk 00:13:35]} {[%emt
00:02:37]} Rc5 {[%clk 00:39:23]} {[%emt 00:00:54]} 26. Qe4 {[%clk 00:11:07]}
{[%emt 00:02:59]} d5 {[%clk 00:39:19]} {[%emt 00:00:34]} 27. Qd3 {[%clk
00:10:21]} {[%emt 00:01:16]} Rc3 {[%clk 00:39:33]} {[%emt 00:00:16]} 28. Qxc3
{[%clk 00:08:30]} {[%emt 00:02:21]} Bxc3 {[%clk 00:39:57]} {[%emt 00:00:07]}
29. Ke2 {[%clk 00:08:46]} {[%emt 00:00:13]} Qxc2 {[%clk 00:40:18]} {[%emt
00:00:08]} 30. Kf3 {[%clk 00:09:01]} {[%emt 00:00:15]} Rf8 {[%clk 00:40:43]}
{[%emt 00:00:06]} 31. Kg4 {[%clk 00:07:41]} {[%emt 00:01:50]} h5 {[%clk
00:40:59]} {[%emt 00:00:14]} 32. Kg3 {[%clk 00:07:57]} {[%emt 00:00:13]} Be5
{[%clk 00:41:09]} {[%emt 00:00:21]} 33. Kh3 {[%clk 00:07:59]} {[%emt 00:00:29]}
Rf3# {[%clk 00:41:29]} {[%emt 00:00:09]} 0-1

[Event "DVM U14 2022"]
[Site "Kelheim GER"]
[Date "2022.12.30"]
[Round "7"]
[White "Dursun, Ali Berk"]
[Black "Müller, Maximilian"]
[Result "1-0"]
[Termination "normal"]
[Board "9.4"]
[WhiteElo "1411"]
[BlackElo "1089"]
[WhiteClock "00:22:34"]
[BlackClock "00:58:44"]
[WhiteTeam "Schachvereinigung 1920 Plettenberg e. V."]
[BlackTeam "Karlsruher SF 1853"]
[PlyCount "67"]
[WhiteFideId "16253396"]
[BlackFideId "34640282"]
[EventCountry "GER"]
[EventRounds "7"]
[EventType "team-swiss"]
[EventDate "2022.12.26"]

1. c4 {[%clk 01:30:54]} {[%emt 00:00:05]} c5 {[%clk 01:30:49]} {[%emt
00:00:12]} 2. Nc3 {[%clk 01:31:00]} {[%emt 00:00:23]} Nc6 {[%clk 01:31:14]}
{[%emt 00:00:06]} 3. g3 {[%clk 01:30:52]} {[%emt 00:00:39]} g6 {[%clk
01:31:34]} {[%emt 00:00:10]} 4. Bg2 {[%clk 01:31:03]} {[%emt 00:00:19]} Bg7
{[%clk 01:31:58]} {[%emt 00:00:05]} 5. e3 {[%clk 01:30:41]} {[%emt 00:00:52]}
e6 {[%clk 01:32:12]} {[%emt 00:00:16]} 6. Nge2 {[%clk 01:30:42]} {[%emt
00:00:30]} Nge7 {[%clk 01:32:22]} {[%emt 00:00:19]} 7. d4 {[%clk 01:30:01]}
{[%emt 00:01:10]} cxd4 {[%clk 01:32:43]} {[%emt 00:00:09]} 8. Nxd4 {[%clk
01:29:17]} {[%emt 00:01:15]} O-O {[%clk 01:31:44]} {[%emt 00:01:29]} 9. O-O
{[%clk 01:26:26]} {[%emt 00:03:21]} e5 {[%clk 01:29:18]} {[%emt 00:02:56]} 10.
Ndb5 {[%clk 01:25:05]} {[%emt 00:01:52]} Nf5 {[%clk 01:28:47]} {[%emt
00:01:00]} 11. b3 {[%clk 01:20:33]} {[%emt 00:05:02]} a6 {[%clk 01:29:00]}
{[%emt 00:00:17]} 12. Nd6 {[%clk 01:19:51]} {[%emt 00:01:12]} Nxd6 {[%clk
01:29:22]} {[%emt 00:00:08]} 13. Qxd6 {[%clk 01:19:58]} {[%emt 00:00:23]} Re8
{[%clk 01:28:41]} {[%emt 00:01:11]} 14. Bb2 {[%clk 01:08:44]} {[%emt 00:11:44]}
Bf8 {[%clk 01:26:50]} {[%emt 00:02:21]} 15. Qd2 {[%clk 01:08:27]} {[%emt
00:00:46]} Bg7 {[%clk 01:23:19]} {[%emt 00:04:01]} 16. Ne4 {[%clk 01:05:20]}
{[%emt 00:03:38]} b6 {[%emt 00:30:23]} 17. Nd6 {[%clk 00:47:36]} Re6 {[%clk
01:10:32]} {[%emt 00:01:37]} 18. Bh3 {[%clk 00:44:14]} {[%emt 00:03:52]} Re7
{[%clk 01:10:21]} {[%emt 00:00:40]} 19. Ba3 {[%clk 00:41:43]} {[%emt 00:03:01]}
Ra7 {[%clk 01:01:16]} {[%emt 00:09:35]} 20. Nxc8 {[%clk 00:39:45]} {[%emt
00:02:28]} Qxc8 {[%clk 01:01:39]} {[%emt 00:00:07]} 21. Bxe7 {[%clk 00:39:51]}
{[%emt 00:00:24]} Nxe7 {[%clk 01:01:57]} {[%emt 00:00:12]} 22. Rad1 {[%clk
00:39:27]} {[%emt 00:00:55]} Nf5 {[%clk 01:01:30]} {[%emt 00:00:56]} 23. Bxf5
{[%clk 00:36:05]} {[%emt 00:03:51]} gxf5 {[%clk 01:01:51]} {[%emt 00:00:10]}
24. Qc2 {[%clk 00:35:23]} {[%emt 00:01:12]} e4 {[%clk 01:01:56]} {[%emt
00:00:25]} 25. Rd5 {[%clk 00:34:04]} {[%emt 00:01:48]} b5 {[%clk 01:01:43]}
{[%emt 00:00:43]} 26. Rxf5 {[%clk 00:31:27]} {[%emt 00:03:08]} Qc6 {[%clk
01:01:24]} {[%emt 00:00:49]} 27. Rf4 {[%clk 00:28:04]} {[%emt 00:03:53]} d5
{[%clk 01:00:19]} {[%emt 00:01:35]} 28. Rd1 {[%clk 00:26:44]} {[%emt 00:01:50]}
Rd7 {[%clk 01:00:37]} {[%emt 00:00:12]} 29. Rd2 {[%clk 00:25:16]} {[%emt
00:01:57]} dxc4 {[%emt 00:03:44]} 30. bxc4 {[%clk 00:21:52]} {[%emt 00:03:53]}
Rxd2 {[%clk 00:57:29]} {[%emt 00:00:26]} 31. Qxd2 {[%clk 00:21:57]} {[%emt
00:00:23]} Qxc4 {[%clk 00:57:54]} {[%emt 00:00:06]} 32. Qd8 {[%clk 00:22:02]}
{[%emt 00:00:25]} Bf8 {[%clk 00:58:18]} {[%emt 00:00:06]} 33. Rg4 {[%clk
00:22:13]} {[%emt 00:00:19]} Kh8 {[%clk 00:58:44]} {[%emt 00:00:05]} 34. Qxf8#
{[%clk 00:22:34]} {[%emt 00:00:09]} 1-0

[Event "DVM U14 2022"]
[Site "Kelheim GER"]
[Date "2022.12.30"]
[Round "7"]
[White "Schneble, Milan"]
[Black "Pimenov, Danil"]
[Result "0-1"]
[Termination "normal"]
[Board "10.1"]
[WhiteElo "1521"]
[BlackElo "1378"]
[WhiteClock "00:44:41"]
[BlackClock "00:51:38"]
[WhiteTeam "SF Birkenfeld"]
[BlackTeam "SC Borussia Lichtenberg"]
[PlyCount "78"]
[WhiteFideId "16266102"]
[BlackFideId "34600248"]
[EventCountry "GER"]
[EventRounds "7"]
[EventType "team-swiss"]
[EventDate "2022.12.26"]

1. d4 {[%clk 01:30:58]} {[%emt 00:00:01]} Nf6 {[%clk 01:30:54]} {[%emt
00:00:05]} 2. Nf3 {[%clk 01:31:21]} {[%emt 00:00:08]} g6 {[%clk 01:31:15]}
{[%emt 00:00:09]} 3. c4 {[%clk 01:31:41]} {[%emt 00:00:10]} Bg7 {[%clk
01:31:07]} {[%emt 00:00:38]} 4. Nc3 {[%clk 01:31:59]} {[%emt 00:00:12]} O-O
{[%clk 01:31:19]} {[%emt 00:00:19]} 5. Bg5 {[%clk 01:32:09]} {[%emt 00:00:19]}
d6 {[%clk 01:31:28]} {[%emt 00:00:22]} 6. e3 {[%clk 01:31:57]} {[%emt
00:00:43]} c5 {[%clk 01:30:41]} {[%emt 00:01:17]} 7. Be2 {[%clk 01:31:57]}
{[%emt 00:00:30]} h6 {[%clk 01:27:57]} {[%emt 00:03:14]} 8. Bh4 {[%clk
01:32:13]} {[%emt 00:00:13]} Bd7 {[%clk 01:26:42]} {[%emt 00:01:45]} 9. O-O
{[%clk 01:30:39]} {[%emt 00:02:04]} a6 {[%clk 01:25:31]} {[%emt 00:01:42]} 10.
Qb3 {[%clk 01:21:10]} {[%emt 00:09:59]} Nc6 {[%clk 01:23:13]} {[%emt 00:02:50]}
11. a3 {[%clk 01:18:47]} {[%emt 00:02:51]} g5 {[%clk 01:18:52]} {[%emt
00:04:50]} 12. Bg3 {[%clk 01:19:00]} {[%emt 00:00:17]} g4 {[%clk 01:18:43]}
{[%emt 00:00:39]} 13. Nd2 {[%clk 01:17:46]} {[%emt 00:01:44]} cxd4 {[%clk
01:18:09]} {[%emt 00:01:04]} 14. Nd1 {[%clk 01:12:10]} {[%emt 00:06:06]} e5
{[%clk 01:10:10]} {[%emt 00:08:29]} 15. Qxb7 {[%clk 00:54:29]} {[%emt
00:18:11]} Rb8 {[%clk 01:07:48]} {[%emt 00:02:52]} 16. Qxa6 {[%clk 00:54:53]}
{[%emt 00:00:07]} dxe3 {[%clk 01:07:48]} {[%emt 00:00:30]} 17. fxe3 {[%clk
00:55:08]} {[%emt 00:00:14]} Rb6 {[%clk 01:07:59]} {[%emt 00:00:19]} 18. Qa4
{[%clk 00:53:11]} {[%emt 00:02:27]} Nd4 {[%clk 01:08:17]} {[%emt 00:00:11]} 19.
Qa5 {[%clk 00:52:58]} {[%emt 00:00:44]} Nxe2 {[%clk 01:08:34]} {[%emt
00:00:13]} 20. Kh1 {[%clk 00:51:54]} {[%emt 00:01:34]} Nxg3 {[%clk 01:08:39]}
{[%emt 00:00:25]} 21. hxg3 {[%clk 00:52:21]} {[%emt 00:00:03]} d5 {[%clk
01:05:15]} {[%emt 00:03:54]} 22. c5 {[%clk 00:51:57]} {[%emt 00:00:54]} Rb5
{[%clk 01:05:30]} {[%emt 00:00:15]} 23. Qc3 {[%clk 00:52:20]} {[%emt 00:00:08]}
Bc6 {[%clk 01:04:55]} {[%emt 00:01:05]} 24. a4 {[%clk 00:51:01]} {[%emt
00:01:48]} Rb8 {[%clk 01:04:43]} {[%emt 00:00:41]} 25. b4 {[%clk 00:50:52]}
{[%emt 00:00:40]} Nh5 {[%clk 01:04:39]} {[%emt 00:00:34]} 26. e4 {[%clk
00:50:38]} {[%emt 00:00:44]} dxe4 {[%clk 01:03:44]} {[%emt 00:01:24]} 27. b5
{[%clk 00:50:50]} {[%emt 00:00:20]} Ba8 {[%clk 01:03:21]} {[%emt 00:00:53]} 28.
Nf2 {[%clk 00:48:01]} {[%emt 00:03:18]} f5 {[%clk 01:02:02]} {[%emt 00:01:49]}
29. Rfd1 {[%clk 00:46:38]} {[%emt 00:01:53]} Qg5 {[%clk 01:01:09]} {[%emt
00:01:24]} 30. c6 {[%clk 00:46:03]} {[%emt 00:01:05]} e3 {[%clk 00:59:51]}
{[%emt 00:01:47]} 31. Nde4 {[%clk 00:45:48]} {[%emt 00:00:45]} fxe4 {[%clk
00:59:16]} {[%emt 00:01:05]} 32. Nxe4 {[%clk 00:46:15]} {[%emt 00:00:03]} Nxg3
{[%clk 00:58:08]} {[%emt 00:01:38]} 33. Nxg3 {[%clk 00:46:43]} {[%emt
00:00:03]} Qh4 {[%clk 00:58:26]} {[%emt 00:00:11]} 34. Kg1 {[%clk 00:47:10]}
{[%emt 00:00:02]} Qxg3 {[%clk 00:58:46]} {[%emt 00:00:11]} 35. Qc4 {[%clk
00:47:19]} {[%emt 00:00:22]} Kh8 {[%clk 00:59:03]} {[%emt 00:00:13]} 36. Rd7
{[%clk 00:47:18]} {[%emt 00:00:30]} Qf2 {[%clk 00:58:22]} {[%emt 00:01:10]} 37.
Kh1 {[%clk 00:47:42]} {[%emt 00:00:07]} Qh4 {[%clk 00:55:14]} {[%emt 00:03:38]}
38. Kg1 {[%clk 00:48:07]} {[%emt 00:00:05]} Rf4 {[%clk 00:54:04]} {[%emt
00:01:40]} 39. Qe6 {[%clk 00:44:41]} {[%emt 00:03:57]} Rbf8 {[%clk 00:51:38]}
{[%emt 00:02:55]} 0-1

[Event "DVM U14 2022"]
[Site "Kelheim GER"]
[Date "2022.12.30"]
[Round "7"]
[White "Maltsev, Mark"]
[Black "Ehrlich, Patrick"]
[Result "1-0"]
[Termination "normal"]
[Board "10.2"]
[WhiteElo "1428"]
[BlackElo "1522"]
[WhiteClock "01:03:17"]
[BlackClock "00:22:26"]
[WhiteTeam "SC Borussia Lichtenberg"]
[BlackTeam "SF Birkenfeld"]
[PlyCount "53"]
[WhiteFideId "34117806"]
[BlackFideId "34604316"]
[EventCountry "GER"]
[EventRounds "7"]
[EventType "team-swiss"]
[EventDate "2022.12.26"]

1. e4 {[%clk 01:30:59]} {[%emt 00:00:02]} d6 {[%clk 01:30:56]} {[%emt
00:00:04]} 2. d4 {[%clk 01:31:24]} {[%emt 00:00:05]} Nf6 {[%clk 01:31:20]}
{[%emt 00:00:06]} 3. Nc3 {[%clk 01:31:48]} {[%emt 00:00:06]} g6 {[%clk
01:31:41]} {[%emt 00:00:09]} 4. Nf3 {[%clk 01:31:53]} {[%emt 00:00:25]} Bg7
{[%clk 01:31:55]} {[%emt 00:00:16]} 5. Be3 {[%clk 01:31:25]} {[%emt 00:00:57]}
O-O {[%clk 01:32:02]} {[%emt 00:00:24]} 6. Qd2 {[%clk 01:31:36]} {[%emt
00:00:19]} c6 {[%clk 01:31:44]} {[%emt 00:00:48]} 7. Bh6 {[%clk 01:31:45]}
{[%emt 00:00:20]} b5 {[%clk 01:32:00]} {[%emt 00:00:15]} 8. Bd3 {[%clk
01:30:32]} {[%emt 00:01:43]} Bg4 {[%clk 01:32:20]} {[%emt 00:00:10]} 9. h3
{[%clk 01:30:24]} {[%emt 00:00:38]} Bxf3 {[%clk 01:32:44]} {[%emt 00:00:07]}
10. gxf3 {[%clk 01:30:48]} {[%emt 00:00:05]} b4 {[%clk 01:28:34]} {[%emt
00:04:39]} 11. Ne2 {[%clk 01:29:54]} {[%emt 00:01:25]} c5 {[%clk 01:26:28]}
{[%emt 00:02:36]} 12. h4 {[%clk 01:29:39]} {[%emt 00:00:45]} Nc6 {[%clk
01:16:44]} {[%emt 00:10:17]} 13. h5 {[%clk 01:29:35]} {[%emt 00:00:31]} e5
{[%clk 01:10:12]} {[%emt 00:07:02]} 14. hxg6 {[%clk 01:29:46]} {[%emt
00:00:20]} fxg6 {[%clk 01:10:35]} {[%emt 00:00:07]} 15. Bc4 {[%clk 01:29:17]}
{[%emt 00:00:58]} Kh8 {[%clk 01:09:46]} {[%emt 00:01:20]} 16. Bxg7 {[%clk
01:29:03]} {[%emt 00:00:43]} Kxg7 {[%clk 01:10:10]} {[%emt 00:00:06]} 17. Qh6
{[%clk 01:29:19]} {[%emt 00:00:14]} Kh8 {[%clk 01:10:36]} {[%emt 00:00:05]} 18.
O-O-O {[%clk 01:22:15]} {[%emt 00:07:34]} exd4 {[%clk 01:05:48]} {[%emt
00:05:18]} 19. Nf4 {[%clk 01:20:58]} {[%emt 00:01:47]} Ne5 {[%clk 01:04:34]}
{[%emt 00:01:45]} 20. Rdg1 {[%clk 01:12:51]} {[%emt 00:08:36]} Qe7 {[%clk
00:56:04]} {[%emt 00:09:00]} 21. Nxg6 {[%clk 01:04:38]} {[%emt 00:08:43]} Nxg6
{[%clk 00:56:26]} {[%emt 00:00:08]} 22. Rxg6 {[%clk 01:03:37]} {[%emt
00:01:31]} Rad8 {[%clk 00:48:55]} {[%emt 00:08:01]} 23. Rhg1 {[%clk 01:02:31]}
{[%emt 00:01:35]} Rd7 {[%clk 00:34:25]} {[%emt 00:15:01]} 24. Rxf6 {[%clk
01:02:37]} {[%emt 00:00:24]} Rdd8 {[%clk 00:23:08]} {[%emt 00:11:48]} 25. Rfg6
{[%clk 01:02:32]} {[%emt 00:00:34]} Rd7 {[%clk 00:22:02]} {[%emt 00:01:36]} 26.
Rg8 {[%clk 01:02:48]} {[%emt 00:00:13]} Rxg8 {[%clk 00:22:26]} {[%emt
00:00:07]} 27. Rxg8# {[%clk 01:03:17]} {[%emt 00:00:01]} 1-0

[Event "DVM U14 2022"]
[Site "Kelheim GER"]
[Date "2022.12.30"]
[Round "7"]
[White "Wollscheid, Leon"]
[Black "von Malotky, Mads"]
[Result "0-1"]
[Termination "normal"]
[Board "10.3"]
[WhiteElo "1123"]
[BlackElo "1260"]
[WhiteClock "00:57:37"]
[BlackClock "01:11:15"]
[WhiteTeam "SF Birkenfeld"]
[BlackTeam "SC Borussia Lichtenberg"]
[PlyCount "64"]
[WhiteFideId "34640363"]
[BlackFideId "34626476"]
[EventCountry "GER"]
[EventRounds "7"]
[EventType "team-swiss"]
[EventDate "2022.12.26"]

1. d4 {[%clk 01:30:59]} c6 {[%clk 01:30:42]} {[%emt 00:00:18]} 2. Nf3 {[%clk
01:31:20]} {[%emt 00:00:09]} d5 {[%clk 01:31:00]} {[%emt 00:00:13]} 3. e3
{[%clk 01:31:38]} {[%emt 00:00:12]} Bg4 {[%clk 01:30:30]} {[%emt 00:00:59]} 4.
c4 {[%clk 01:30:45]} {[%emt 00:01:24]} Nf6 {[%clk 01:29:58]} {[%emt 00:01:02]}
5. Nc3 {[%clk 01:30:25]} {[%emt 00:00:50]} e6 {[%clk 01:30:16]} {[%emt
00:00:12]} 6. Be2 {[%clk 01:30:31]} {[%emt 00:00:24]} Bd6 {[%clk 01:29:14]}
{[%emt 00:01:32]} 7. Qb3 {[%clk 01:29:34]} {[%emt 00:01:27]} Qc7 {[%clk
01:28:17]} {[%emt 00:01:28]} 8. O-O {[%clk 01:24:13]} {[%emt 00:05:50]} Bxf3
{[%clk 01:25:27]} {[%emt 00:03:19]} 9. Bxf3 {[%clk 01:24:24]} {[%emt 00:00:19]}
Bxh2 {[%clk 01:25:49]} {[%emt 00:00:09]} 10. Kh1 {[%clk 01:23:55]} {[%emt
00:01:00]} Bd6 {[%clk 01:26:10]} {[%emt 00:00:09]} 11. c5 {[%clk 01:23:39]}
{[%emt 00:00:46]} Be7 {[%clk 01:26:30]} {[%emt 00:00:09]} 12. e4 {[%clk
01:23:19]} {[%emt 00:00:49]} dxe4 {[%clk 01:25:04]} {[%emt 00:01:57]} 13. Nxe4
{[%clk 01:23:17]} {[%emt 00:00:31]} Nxe4 {[%clk 01:22:54]} {[%emt 00:02:41]}
14. Bxe4 {[%clk 01:23:31]} {[%emt 00:00:17]} Nd7 {[%clk 01:22:31]} {[%emt
00:00:52]} 15. g3 {[%clk 01:19:22]} {[%emt 00:04:38]} Nf6 {[%clk 01:20:41]}
{[%emt 00:02:21]} 16. Bf4 {[%clk 01:18:42]} {[%emt 00:01:10]} Qd7 {[%clk
01:20:45]} {[%emt 00:00:25]} 17. Qd3 {[%clk 01:17:31]} {[%emt 00:01:41]} Nxe4
{[%clk 01:15:49]} {[%emt 00:05:27]} 18. Qxe4 {[%clk 01:17:23]} {[%emt
00:00:38]} Rd8 {[%clk 01:16:06]} {[%emt 00:00:14]} 19. Rad1 {[%clk 01:15:26]}
{[%emt 00:02:25]} Qd5 {[%clk 01:15:51]} {[%emt 00:00:45]} 20. Qxd5 {[%clk
01:15:21]} {[%emt 00:00:36]} Rxd5 {[%clk 01:16:14]} {[%emt 00:00:07]} 21. Rfe1
{[%clk 01:15:03]} {[%emt 00:00:48]} O-O {[%clk 01:14:58]} {[%emt 00:01:46]} 22.
Be5 {[%clk 01:13:10]} {[%emt 00:02:23]} Rfd8 {[%clk 01:14:41]} {[%emt
00:00:47]} 23. Re4 {[%clk 01:13:30]} {[%emt 00:00:10]} Bxc5 {[%clk 01:13:36]}
{[%emt 00:01:35]} 24. Rg4 {[%clk 01:12:21]} {[%emt 00:01:38]} Rxe5 {[%clk
01:12:20]} {[%emt 00:01:46]} 25. dxe5 {[%clk 01:11:46]} {[%emt 00:01:06]} Rxd1
{[%clk 01:12:43]} {[%emt 00:00:07]} 26. Kg2 {[%clk 01:11:59]} {[%emt 00:00:16]}
Rd2 {[%clk 01:12:49]} {[%emt 00:00:25]} 27. Rf4 {[%clk 01:10:41]} {[%emt
00:01:48]} Rxb2 {[%clk 01:12:58]} {[%emt 00:00:21]} 28. a4 {[%clk 00:58:57]}
{[%emt 00:12:13]} Re2 {[%clk 01:12:56]} {[%emt 00:00:32]} 29. Rf3 {[%clk
00:58:39]} {[%emt 00:00:48]} Rxe5 {[%clk 01:12:23]} {[%emt 00:01:04]} 30. Rd3
{[%clk 00:58:08]} {[%emt 00:01:01]} Rd5 {[%clk 01:12:30]} {[%emt 00:00:23]} 31.
Rb3 {[%clk 00:58:06]} {[%emt 00:00:32]} b6 {[%clk 01:11:59]} {[%emt 00:01:02]}
32. Kf3 {[%clk 00:57:37]} {[%emt 00:00:58]} Rd4 {[%clk 01:11:15]} {[%emt
00:01:15]} 0-1

[Event "DVM U14 2022"]
[Site "Kelheim GER"]
[Date "2022.12.30"]
[Round "7"]
[White "Borchert, Yuri"]
[Black "Didas, Fynn"]
[Result "1/2-1/2"]
[Termination "normal"]
[Board "10.4"]
[WhiteElo "1182"]
[BlackElo "1217"]
[WhiteClock "00:20:03"]
[BlackClock "00:25:18"]
[WhiteTeam "SC Borussia Lichtenberg"]
[BlackTeam "SF Birkenfeld"]
[PlyCount "71"]
[WhiteFideId "34626468"]
[BlackFideId "34640231"]
[EventCountry "GER"]
[EventRounds "7"]
[EventType "team-swiss"]
[EventDate "2022.12.26"]

1. d4 {[%clk 01:30:57]} {[%emt 00:00:03]} d6 {[%clk 01:30:57]} {[%emt
00:00:03]} 2. Nf3 {[%clk 01:31:14]} {[%emt 00:00:13]} Nf6 {[%clk 01:31:10]}
{[%emt 00:00:17]} 3. e3 {[%clk 01:30:26]} {[%emt 00:01:19]} g6 {[%clk
01:31:29]} {[%emt 00:00:09]} 4. Bd3 {[%clk 01:30:41]} {[%emt 00:00:15]} Bg7
{[%clk 01:31:47]} {[%emt 00:00:12]} 5. O-O {[%clk 01:30:47]} {[%emt 00:00:24]}
O-O {[%clk 01:32:13]} {[%emt 00:00:05]} 6. Nbd2 {[%clk 01:29:18]} {[%emt
00:01:59]} Nc6 {[%clk 01:32:08]} {[%emt 00:00:36]} 7. c3 {[%clk 01:27:56]}
{[%emt 00:01:51]} e5 {[%clk 01:31:02]} {[%emt 00:01:35]} 8. e4 {[%clk
01:16:58]} {[%emt 00:11:28]} exd4 {[%clk 01:24:09]} {[%emt 00:07:24]} 9. cxd4
{[%clk 01:17:17]} {[%emt 00:00:12]} Bg4 {[%clk 01:24:09]} {[%emt 00:00:29]} 10.
h3 {[%clk 01:12:03]} {[%emt 00:05:43]} Bxf3 {[%clk 01:23:48]} {[%emt 00:00:51]}
11. Nxf3 {[%clk 01:11:34]} {[%emt 00:00:59]} Re8 {[%clk 01:18:49]} {[%emt
00:05:29]} 12. Re1 {[%clk 01:09:26]} {[%emt 00:02:39]} Nd7 {[%clk 01:10:08]}
{[%emt 00:09:11]} 13. d5 {[%clk 01:05:07]} {[%emt 00:04:48]} Nce5 {[%clk
01:08:23]} {[%emt 00:02:16]} 14. Nxe5 {[%clk 00:59:59]} {[%emt 00:05:37]} Nxe5
{[%clk 01:08:24]} {[%emt 00:00:29]} 15. f4 {[%emt 00:00:45]} Nxd3 {[%emt
00:00:39]} 16. Qxd3 {[%clk 00:58:59]} {[%emt 00:00:06]} Qh4 {[%clk 01:04:11]}
{[%emt 00:04:43]} 17. Re2 {[%clk 00:52:30]} {[%emt 00:06:59]} a6 {[%clk
00:54:54]} {[%emt 00:09:47]} 18. Be3 {[%clk 00:48:55]} {[%emt 00:04:04]} b5
{[%clk 00:49:07]} {[%emt 00:06:18]} 19. Rf1 {[%clk 00:48:47]} {[%emt 00:00:37]}
Qe7 {[%clk 00:43:32]} {[%emt 00:06:07]} 20. Bd4 {[%clk 00:46:54]} {[%emt
00:02:23]} Bxd4 {[%clk 00:43:19]} {[%emt 00:00:42]} 21. Qxd4 {[%clk 00:47:00]}
{[%emt 00:00:24]} f5 {[%clk 00:32:12]} {[%emt 00:11:38]} 22. e5 {[%clk
00:41:48]} {[%emt 00:05:41]} Qg7 {[%clk 00:31:11]} {[%emt 00:01:31]} 23. g4
{[%clk 00:34:27]} {[%emt 00:07:51]} dxe5 {[%clk 00:30:06]} {[%emt 00:01:35]}
24. fxe5 {[%clk 00:32:25]} {[%emt 00:02:32]} fxg4 {[%clk 00:29:39]} {[%emt
00:00:55]} 25. hxg4 {[%clk 00:30:07]} {[%emt 00:02:49]} Rf8 {[%clk 00:29:30]}
{[%emt 00:00:41]} 26. d6 {[%clk 00:25:48]} {[%emt 00:04:50]} cxd6 {[%clk
00:29:00]} {[%emt 00:00:59]} 27. Qxd6 {[%clk 00:23:53]} {[%emt 00:02:24]} Rxf1
{[%clk 00:28:21]} {[%emt 00:01:09]} 28. Kxf1 {[%clk 00:24:08]} {[%emt
00:00:15]} Qf8 {[%emt 00:03:53]} 29. Qf6 {[%clk 00:21:15]} {[%emt 00:00:11]}
Qxf6 {[%clk 00:28:11]} {[%emt 00:00:30]} 30. exf6 {[%clk 00:21:38]} {[%emt
00:00:06]} Kf7 {[%clk 00:26:59]} {[%emt 00:01:42]} 31. g5 {[%clk 00:21:56]}
{[%emt 00:00:13]} Re8 {[%clk 00:26:00]} {[%emt 00:01:29]} 32. Rxe8 {[%clk
00:21:39]} {[%emt 00:00:46]} Kxe8 {[%clk 00:26:22]} {[%emt 00:00:09]} 33. Ke2
{[%clk 00:22:02]} {[%emt 00:00:07]} Kf7 {[%clk 00:26:09]} {[%emt 00:00:43]} 34.
Kf3 {[%clk 00:22:00]} {[%emt 00:00:31]} h6 {[%clk 00:25:35]} {[%emt 00:01:05]}
35. Kg4 {[%clk 00:20:03]} {[%emt 00:02:26]} h5 {[%clk 00:25:18]} {[%emt
00:00:48]} 36. Kh4 {[%emt 00:00:42]} 1/2-1/2